| 000 | 00640nam a2200217 i 4500 | ||
|---|---|---|---|
| 001 | 10661 | ||
| 003 | ES-MaACL | ||
| 005 | 20230906145931.0 | ||
| 007 | t| | ||
| 008 | 950929s1992 sp ||||1| spa d | ||
| 020 | _a84-87081-58-4 | ||
| 080 | _a860-82"19" | ||
| 100 | 1 |
_aMartínez Alejandre, Javier. _977834 |
|
| 245 | 1 | 0 |
_aPrimer manual de retórica / _cJavier Martínez Alejandre. |
| 260 |
_aLeón : _bDiputación Provincial, _cD.L. 1992. |
||
| 300 |
_a153 p. ; _c20 cm. |
||
| 490 | 1 |
_aProvincia narrativa ; _v3 |
|
| 830 | 0 |
_aProvincia narrativa ; _v3 _9228132 |
|
| 852 |
_aES-MaACL _jL-17986 _bR.122222 |
||
| 999 |
_c10661 _d10661 |
||